Normal view MARC view
  • Escuelas públicas

Entry Materia

Number of records used in: 16

001 - NÚMERO DE CONTROL DEL REGISTRO

  • campo de control: 11657

003 - IDENTIFICADOR DE NUMERO DE CONTROL

  • campo de control: MX-MxUPN

005 - FECHA Y HORA DE LA ÚLTIMA TRANSACCIÓN

  • campo de control: 20240603154944.0

008 - DATOS DE LONGITUD FIJA

  • campo de control de longitud fija: 240603n| acnnnbabn | ana |d

035 ## - NÚMERO DE CONTROL DEL SISTEMA

  • Número de control del sistema: UPN10000011664

040 ## - FUENTE DE LA CATALOGACIÓN

  • Centro catalogador de origen: MX-MxUPN
  • Lengua de catalogación: spa
  • Agencia de transcripción: MX-MxUPN

150 ## - ENCABEZAMIENTO - TEMÁTICO

  • Término de materia o nombre geográfico como elemento inicial: Escuelas públicas

670 ## - FUENTE EN LA QUE SE LOCALIZARON DATOS

  • Cita de la fuente: E

680 ## - NOTA GENERAL CON DESPLIEGUE PÚBLICO

  • Texto explicativo: Aquí se asientan las obras sobre las escuelas primarias y secundarias controladas o sostenidas por el Estado o el gobierno local incluyendo, en los países europeos, las escuelas superiores preuniversitarias (gymansuien, lycées, etc.). Las ecuelas públicas de una ciudad particular se asientan bajo el nombre de la ciudad con subdivisión de
  • Encabezamiento: ESCUELAS PUBLICAS.
  • Texto explicativo: Ej.:
  • Encabezamiento: BOSTON - ESCUELAS PUBLICAS
  • Texto explicativo: Las escuelas inglesas sostenidas privadamente mediante fundaciones, conocidas como escuelas públicas, se asientan bajo
  • Encabezamiento: ESCUELAS PUBLICAS (FUNDACIONES) - INGLATERRA

902 ## - CATALOGADOR

  • Catalogador: MMA/050696